مكتبة جامعة عجلون الوطنية

فهرس بحث المكتبة

Normal view MARC view
  • الحديث - اسانيد - السنة النبوية

Entry Topical Term

Number of records used in: 1

001 - CONTROL NUMBER

  • control field: 47758

003 - CONTROL NUMBER IDENTIFIER

  • control field: JO-AjAnu

005 - DATE AND TIME OF LATEST TRANSACTION

  • control field: 20230606081900.0

008 - FIXED-LENGTH DATA ELEMENTS

  • fixed length control field: 230606|| aca||aabn | a|a d

040 ## - CATALOGING SOURCE

  • Original cataloging agency: JO-AjAnu
  • Transcribing agency: JO-AjAnu

150 ## - HEADING--TOPICAL TERM

  • Topical term or geographic name entry element: الحديث - اسانيد - السنة النبوية

670 ## - SOURCE DATA FOUND

  • Source citation: Work cat.: (JO-AjAnu)24438: الحنبلي، ضياء الدين محمد بن الواحد المقدسي الدمشقي؛ تحقيق محمد مطيع الحاقظ, author 47757, عوالي الأسانيد من نفائس السنة النبوية